000 01123nab a22002057a 4500
999 _c6053
_d6053
003 OSt
005 20260120233039.0
008 190514b xxu||||| |||| 00| 0 spa d
040 _cPJ
100 _96694
_aRoldan, Cinthia Vanesa
245 1 3 _aLos peligros de ser una mujer proveedora de cuidados /
_cCinthia Vanesa Roldan.
300 _ap. 86-95
500 _aCita: TR LALEY AR/DOC/248/2024.
505 _aSumario: I. Introducción.— II. La plataforma fáctica.— III. Las sentencias dictadas.— IV. Algunas reflexiones sobre el caso.— V. ¿Resulta aplicable al caso el art. 434 Cód. Civ. y Com.?— VI. Breve cierre.
505 _tFallos comentados: *JFamilia Nro. 1 Esquel ~ 07/02/2023 ~ N., A. D. c. B., T. I. s/ incidente de cese de asistencia alimentaria en Autos. *CApel. Esquel ~ 11/09/2023 ~ N., A. D. s/ recurso de apelación.
650 0 _9967
_aDERECHO DE FAMILIA
650 0 _91057
_aJURISPRUDENCIA APLICABLE
773 0 _02844
_93222
_dBuenos Aires : AbeledoPerrot, 1989-
_tDerecho de familia. Revista Interdisciplinaria de doctrina y jurisprudencia. Abril 2024-II.
_z18511201
942 _2udc
_cANA